| 000 | 00986nam a2200253Ia 4500 | ||
|---|---|---|---|
| 003 | OSt | ||
| 005 | 20250710152206.0 | ||
| 008 | 191128s1998 ck br 000 f spa d | ||
| 020 | _a8420444219 | ||
| 040 |
_aCO-JMCR _cCO-JMCR |
||
| 041 | _aspa | ||
| 082 | 0 | 4 |
_aN _bRECs |
| 100 | 1 |
_aRecheis, Käthe, _eautor _97866 |
|
| 245 | 1 | 0 |
_aSeis ratones y seis lechuzas / _cKäthe Recheis ; traductora Cristina Rodríguez Aguilar |
| 250 | _aPrimera edición | ||
| 260 |
_aBogotá : _bAlfaguara, _c©1998 |
||
| 300 |
_a66 páginas ; _c20 cm. |
||
| 490 | 0 | _aAlfagura infantil | |
| 500 | _aRecomendado para niños desde 6 años. Datos biográficos | ||
| 520 | _aLa mala suerte empezó la tarde en que Toni intentaba portarse mejor que nunca. Pero es difícil ser el mayor y ser siempre responsable, cuando los otros hermanos son aún tan pequeños y tan tontos. | ||
| 650 | 1 | 4 |
_aTravesuras en la literatura _97867 |
| 700 |
_aRodríguez Aguilar, Cristina, _etraductor _97868 |
||
| 942 |
_2ddc _cBK |
||
| 999 |
_c3554 _d3554 |
||